Cuadernos de arqueología de la Universidad de Navarra

Detalles Bibliográficos
Autor Corporativo: Universidad de Navarra
Formato: Electrónico Revista
Lenguaje:español
Publicado: Pamplona : Servicio de Publicaciones, Universidad de Navarra, 1993-
Materias:
Acceso en línea:Full text available from Research Library: 01/01/2011 to 1 year ago

MARC

LEADER 00000nas a2200000 a 4500
001 ssj0000869119
003 WaSeSS
005 20200512172242.0
006 m d
007 cr n
008 950125c19939999sp ar p s 0 0spa c
010 |a  95655518  
035 |a (WaSeSS)ssj0000869119 
040 |a MiU  |b eng  |c MiU  |d DLC  |d OCoLC  |d WaSeSS 
041 0 |a spa  |b eng 
042 |a pcc 
043 |a e-sp--- 
050 0 0 |a DP302.N21  |b C8 
082 0 0 |a 936.6/005  |2 20 
245 0 0 |a Cuadernos de arqueología de la Universidad de Navarra  |h [electronic resource]. 
260 |a Pamplona :  |b Servicio de Publicaciones, Universidad de Navarra,  |c 1993- 
310 |a Annual 
362 0 |a No. 1- 
500 |a Title from cover. 
506 |a License restrictions may limit access. 
546 |a In Spanish, summaries in English. 
588 |a Latest issue consulted: No. 2 (1994). 
651 0 |a Navarre (Spain)  |x Antiquities  |v Periodicals. 
651 0 |a Spain  |x Antiquities  |v Periodicals. 
655 0 |a Electronic journals. 
710 2 |a Universidad de Navarra. 
850 |a DLC 
856 4 0 |z Full text available from Research Library: 01/01/2011 to 1 year ago  |u https://search.proquest.com/publication/1216374